Countries by Diamond Production - Statistics

General Stats
  • This quiz has been taken 40 times
  • The average score is 6 of 10
Answer Stats
% Of World Production Answer % Correct
5 8.42 South Africa
95%
1 30.15 Russia
81%
2 24.26 Botswana
76%
8 0.70 Zimbabwe
73%
4 9.96 Angola
70%
3 16.83 Canada
70%
7 2.69 Namibia
70%
10 0.49 Lesotho
41%
8 0.70 Sierra Leone
41%
6 4.42 Democratic Republic of the Congo
32%
No matching quizzes found
Score Distribution
Percent of People with Each Score
Percentile by Number Answered
Your Score History
You have not taken this quiz